Harry Potter and the Order of the Phoenix (Record no. 12778)

MARC details
000 -LEADER
fixed length control field 00265nam a22000977a 4500
008 - FIXED-LENGTH DATA ELEMENTS--GENERAL INFORMATION
fixed length control field 250716b |||||||| |||| 00| 0 eng d
020 ## - INTERNATIONAL STANDARD BOOK NUMBER
International Standard Book Number 9781408855690
100 ## - MAIN ENTRY--PERSONAL NAME
Personal name Rowling J.K
245 ## - TITLE STATEMENT
Title Harry Potter and the Order of the Phoenix
260 ## - PUBLICATION, DISTRIBUTION, ETC. (IMPRINT)
Place of publication, distribution, etc. London
Name of publisher, distributor, etc. Bloomsbury
Date of publication, distribution, etc. 2014
Holdings
Withdrawn status Lost status Source of classification or shelving scheme Damaged status Koha normalized classification for sorting Not for loan Home library Current library Shelving location Date acquired Total Checkouts Full call number Barcode Date last seen Date last checked out Price effective from Koha item type
    Dewey Decimal Classification   ROW_823_000000000000000   Good Samaritan School Library Good Samaritan School Library FICTION 07/16/2025 6 ROW823 ROW18086 08/26/2025 08/19/2025 07/16/2025 BOOK

Powered by Koha